Estadísticas para Países Más Visitados por Usuarios de JetPunk

Haz click aquí para intentar la prueba.

Estadísticas generales

  • Esta prueba ha sido intentada 1.942 veces
  • La puntuación promedio es 17 de 21

Estadísticas de respuestas

%País% Correcto
64.3Estados Unidos
99%
45.3España
98%
57.9Francia
97%
46.6Italia
95%
20.6México
94%
49.5Alemania
93%
58.9Reino Unido
93%
35.2Canadá
91%
20.8Portugal
83%
29.8Suiza
79%
19.6Suecia
78%
36.0Países Bajos
77%
33.0Bélgica
75%
26.4Grecia
74%
17.4Polonia
74%
32.4Austria
71%
19.8Irlanda
71%
21.1Dinamarca
66%
18.8Turquía
60%
22.6República Checa
59%
23.3Vaticano
35%

Distribución de puntuación

Porcentaje por número respondido

Porcentaje de gente con cada puntuación

Historial de tus puntuaciones

No has intentado esta prueba.